Workers and peasants in the modern Middle East (Record no. 353)
[ view plain ]
| 000 -LEADER | |
|---|---|
| fixed length control field | 01384nam a22003494a 4500 |
| 082 04 - DEWEY DECIMAL CLASSIFICATION NUMBER | |
| Classification number | 305.5/62/0956 |
| 100 1# - MAIN ENTRY--AUTHOR NAME | |
| Personal name | Beinin, Joel, |
| 245 10 - TITLE STATEMENT | |
| Title | Workers and peasants in the modern Middle East |
| 260 ## - PUBLICATION, DISTRIBUTION, ETC. (IMPRINT) | |
| Place of publication | Cambridge, U. K. ; |
| -- | New York : |
| Name of publisher | Cambridge University Press, |
| Year of publication | 2001. |
| 300 ## - PHYSICAL DESCRIPTION | |
| Number of Pages | xv, 207 p. : |
| Other physical details | maps. |
| 490 1# - SERIES STATEMENT | |
| Series statement | The contemporary Middle East ; |
| 650 #0 - SUBJECT ADDED ENTRY--TOPICAL TERM | |
| Topical Term | Working class |
| Topical Term | Artisans |
| Topical Term | Peasants |
| 856 40 - ELECTRONIC LOCATION AND ACCESS | |
| Uniform Resource Identifier | http://site.ebrary.com/lib/rucke/Doc?id=10006824 |
No items available.
